000 00529nam a2200193Ia 4500
005 20250508161949.0
008 008 250505s9999 xx 000 0 eng d
037 _aTextual
040 _aFEDL
_beng
_cFEDL
041 _aeng
_2eng
084 _a370.954, GAR
_qFEDL
100 _aGarg B R
_9102253
245 0 _aEducational Crisis in India
260 _aAmbala, India
_bThe Associated Publishers
_c1977
300 _a50p.
650 _aEducation
942 _cTEXL
_h370.954, GAR
999 _c1373533
_d1373533